Nepal, nation-state in the wilderness : (Record no. 67600)

MARC details
000 -LEADER
fixed length control field 01343nam a22002777a 4500
005 - DATE AND TIME OF LATEST TRANSACTION
control field 20120606160031.0
008 - FIXED-LENGTH DATA ELEMENTS--GENERAL INFORMATION
fixed length control field 120606t xxu||||| |||| 00| 0 eng d
010 ## - LCCN (DPL NO)
LC control number ENG-105447
020 ## - INTERNATIONAL STANDARD BOOK NUMBER
International Standard Book Number 9788132108757
Terms of availability 750.00
035 ## - SYSTEM CONTROL NUMBER
System control number EN-88980
037 ## - SOURCE OF ACQUISITION
Source of stock number/acquisition DBAD / PUB
040 ## - CATALOGING SOURCE
Original cataloging agency dpl
Language of cataloging English
082 ## - DEWEY DECIMAL CLASSIFICATION NUMBER
Classification number 320.95496
100 ## - MAIN ENTRY--PERSONAL NAME
9 (RLIN) 48482
Personal name Baral, Lok Raj
Dates associated with a name 1941-
245 ## - TITLE STATEMENT
Title Nepal, nation-state in the wilderness :
Statement of responsibility, etc by Lok Raj Baral
Remainder of title managing state, democracy, and geopolitics /
260 ## - PUBLICATION, DISTRIBUTION, ETC. (IMPRINT)
Place of publication, distribution, etc New Delhi
Name of publisher, distributor, etc Sage Publications
Date of publication, distribution, etc 2012
270 ## - ADDRESS
Address B1/I-1 Mohan Cooperative Industrial Area, Mathura Road
City New Delhi
Postal code 110044
300 ## - PHYSICAL DESCRIPTION
Extent xvii, 308p.
Dimensions 23cm (Hb)
500 ## - GENERAL NOTE
General note Includes bibliographical references (p. 286-298) and index.
505 ## - FORMATTED CONTENTS NOTE
Formatted contents note Preface -- Introduction: parameters of Nepali politics -- Nepali state revisited -- Quest for status: wars, treaties, and diplomacy -- Democracy, peace, and development -- Nepal and the world: managing geopolitics -- What next?.
650 ## - SUBJECT ADDED ENTRY--TOPICAL TERM
Topical term or geographic name as entry element Democracy
Geographic subdivision Nepal.
9 (RLIN) 48562
650 ## - SUBJECT ADDED ENTRY--TOPICAL TERM
Topical term or geographic name as entry element Geopolitics
Geographic subdivision Nepal.
9 (RLIN) 48563
651 ## - SUBJECT ADDED ENTRY--GEOGRAPHIC NAME
Geographic name Nepal
General subdivision Politics and government
9 (RLIN) 48564
Chronological subdivision 1990-
942 ## - ADDED ENTRY ELEMENTS (KOHA)
Source of classification or shelving scheme Dewey Decimal Classification
Item type English Books
Call number suffix BAR
Classification part 320.95496
Holdings
Withdrawn status Lost status Source of classification or shelving scheme Damaged status Not for loan Collection code Home library Current library Date acquired Source of acquisition Cost, normal purchase price Total Checkouts Full call number Barcode Date last seen Copy number Cost, replacement price Koha item type
    Dewey Decimal Classification   Not For Loan Non-fiction D.B.Act.Division D.B.Act.Division 06/06/2012 DBAD/PUB 750.00   320.95496 BAR EN-88980 06/06/2012 1 750.00 English Books

© Delhi Public Library
Hit Counter
free hit counter